• AIU
  • Tony Wilmot Memorial Library

Punctuation, proofreading, and printing: how to prepare a manuscript for publication (Record no. 64793)

MARC details
000 -LEADER
fixed length control field nam a22 7a 4500
003 - CONTROL NUMBER IDENTIFIER
control field OSt
005 - DATE AND TIME OF LATEST TRANSACTION
control field 20170920122448.0
008 - FIXED-LENGTH DATA ELEMENTS--GENERAL INFORMATION
fixed length control field 170920b xxu||||| |||| 00| 0 eng d
040 ## - CATALOGING SOURCE
Original cataloging agency DLC
Language of cataloging DLC
Transcribing agency DLC
050 ## - LIBRARY OF CONGRESS CALL NUMBER
Classification number PN 147
Item number .W37 1994
100 ## - MAIN ENTRY--PERSONAL NAME
9 (RLIN) 43330
Personal name Wares, Alan C.
245 ## - TITLE STATEMENT
Title Punctuation, proofreading, and printing: how to prepare a manuscript for publication
Statement of responsibility, etc Alan C. Wares and Iris M. Wares
250 ## - EDITION STATEMENT
Edition statement 2nd edition, revised
260 ## - PUBLICATION, DISTRIBUTION, ETC. (IMPRINT)
Place of publication, distribution, etc Nexico
Name of publisher, distributor, etc Summer Institute of Linguistics (SIL)
Date of publication, distribution, etc 1975
300 ## - PHYSICAL DESCRIPTION
Extent viii, 80p.
Dimensions 21cm.
504 ## - BIBLIOGRAPHY, ETC. NOTE
Bibliography, etc Includes bibliography
650 ## - SUBJECT ADDED ENTRY--TOPICAL TERM
Topical term or geographic name as entry element Authorship
Form subdivision Handbooks, manuals, etc.
9 (RLIN) 43907
650 ## - SUBJECT ADDED ENTRY--TOPICAL TERM
Source of heading or term Proofreadubg
650 ## - SUBJECT ADDED ENTRY--TOPICAL TERM
Topical term or geographic name as entry element Authorship
9 (RLIN) 394
700 ## - ADDED ENTRY--PERSONAL NAME
Personal name Wares, Iris, M.
9 (RLIN) 43331
942 ## - ADDED ENTRY ELEMENTS (KOHA)
Source of classification or shelving scheme Library of Congress Classification
Koha item type Books
Holdings
Withdrawn status Lost status Source of classification or shelving scheme Damaged status Not for loan Collection code Home library Current library Shelving location Date acquired Source of acquisition Cost, normal purchase price Total Checkouts Full call number Barcode Date last seen Copy number Price effective from Koha item type Date checked out
    Library of Congress Classification     General Circulation AIU/NEGST - Tony Wilmot Memorial Library AIU/NEGST - Tony Wilmot Memorial Library General Stacks 03/09/2018 D - Dr. Sue Glidden 5.00   PN 147.W37 1975 R39506K3232 09/26/2019 1 09/20/2017 Books  
    Library of Congress Classification     General Circulation AIU/NEGST - Tony Wilmot Memorial Library AIU/NEGST - Tony Wilmot Memorial Library General Stacks 05/18/2015 Donation - Prof. Regina Blass 12.00 1 PN 147.W37 1975 R39345L3232 09/26/2019 2 03/09/2018 Books 09/27/2018